Miedo a la libertad

-д хадгалсан:
Номзүйн дэлгэрэнгүй
Үндсэн зохиолч: Levi, Carlo (autor)
Бусад зохиолчид: Agamben, Giorgio (prólogo), Gimeno Cuspinera, Antonio (traductor)
Формат: Үл мэдэгдэх
Хэл сонгох:англи
Хэвлэсэн: Madrid, España: Altamarea, 2020
Хэвлэл:Primera edición
Цуврал:Ensayo
Нөхцлүүд:
Шошгууд: Шошго нэмэх
Шошго байхгүй, Энэхүү баримтыг шошголох эхний хүн болох!

MARC

LEADER 00000 a2200000 4500
003 CL-VaPUC
005 20220421162909.0
008 220323b2020 ||||| |||| 00| 0 eng d
999 |c 434983  |d 434981 
020 |a 978-84-121103-0-2 
040 |c Pontificia Universidad Católica de Valparaíso 
082 7 |a 854.912 LEV 2020  |2 22 
100 |a Levi, Carlo  |9 867427  |e autor 
245 |a Miedo a la libertad 
250 |a Primera edición 
260 |a Madrid, España:  |b Altamarea,  |c 2020 
300 |a 141 páginas 
490 |a Ensayo 
583 |k Cristina María Rojas Aguilar  |c 20220323 
650 |a Ensayos italianos  |9 313702 
650 |a Religión   |9 255164 
700 |a Agamben, Giorgio  |e prólogo  |9 604794 
700 |a Gimeno Cuspinera, Antonio  |e traductor  |9 867592 
942 |2 ddc  |c BK 
952 |0 0  |1 0  |2 ddc  |4 0  |6 854_912000000000000_LEV_2020  |7 0  |8 A  |9 582052  |a BIBART  |b BIBART  |c GEN  |d 2022-03-22  |e 135  |g 20500.00  |i 5650279  |l 1  |o 854.912 LEV 2020  |p 5650279  |r 2025-03-13  |s 2022-05-02  |t 1  |v 20500.00  |w 2022-03-22  |y BK  |k ART